000 00219nam a22000857a 4500
008 160704b xxu||||| |||| 00| 0 eng d
100 _92055
_a Nair, T.K.D
245 _aSchool Planning & Management
260 _aDelhi
_b Shipra
999 _c1753
_d1753